El papel de la molienda en la transición hacia la producción agropastoril : un análisis desde la Puna Meridional argentina /

Se efectúa una caracterización de la molienda en Antofagasta de la Sierra. Puna Meridional argentina, desde sus primeras manifestaciones hacia ca. 6500 años Aplasta el momento agropastoríl más tardío. Para el análisis de cambio tecnológico se emplearan los conceptos de eficiencia e intensidad de uso...

Full description

Bibliographic Details
Main Author: Babot, María del Pilar
Format: Analitica de revista
Language:Spanish
Published: San Pedro de Atacama Universidad Católica del Norte 2006
Online Access:Acceso electrónico al documento

MARC

LEADER 00000cab a2200000 a 4500
001 031607
003 UAHC_CL
005 20170803123357.0
008 050531b xx j 000 1 spa
040 |a UAHC_CL  |c UAHC_CL  |d UAHC_CL 
100 1 |a Babot, María del Pilar 
245 1 3 |a El papel de la molienda en la transición hacia la producción agropastoril :  |b un análisis desde la Puna Meridional argentina /  |c María del Pilar Babot. 
260 |b Universidad Católica del Norte  |a San Pedro de Atacama  |c 2006 
300 |a p. 75-92 
500 |a En: Estud. atacam., 2006, no.32, p. 75-92. ISSN 0718-1043. 
520 |a Se efectúa una caracterización de la molienda en Antofagasta de la Sierra. Puna Meridional argentina, desde sus primeras manifestaciones hacia ca. 6500 años Aplasta el momento agropastoríl más tardío. Para el análisis de cambio tecnológico se emplearan los conceptos de eficiencia e intensidad de uso de artefactos. Como resultado se establecen tres momentos en la organización de la práctica de la molienda, que marcan situaciones de intensificación creciente de la misma entre ca. 6500 - 1100 AP. 
520 |a Se efectúa una caracterización de la molienda en Antofagasta de la Sierra. Puna Meridional argentina, desde sus primeras manifestaciones hacia ca. 6500 años Aplasta el momento agropastoríl más tardío. Para el análisis de cambio tecnológico se emplearan los conceptos de eficiencia e intensidad de uso de artefactos. Como resultado se establecen tres momentos en la organización de la práctica de la molienda, que marcan situaciones de intensificación creciente de la misma entre ca. 6500 - 1100 AP. 
520 |a Se efectúa una caracterizaciÛn de la molienda en Antofagasta de la Sierra. Puna Meridional argentina, desde sus primeras manifestaciones hacia ca. 6500 aÒos Aplasta el momento agropastorÌl m·s tardÌo. Para el an·lisis de cambio tecnolÛgico se emplearan los conceptos de eficiencia e intensidad de uso de artefactos. Como resultado se establecen tres momentos en la organizaciÛn de la pr·ctica de la molienda, que marcan situaciones de intensificaciÛn creciente de la misma entre ca. 6500 - 1100 AP. 
759 |a PP063 
773 0 |t Estudios Atacameños.  |w 031462 
856 |u http://www.scielo.cl/scielo.php?script=sci_arttext&pid=S0718-10432006000100008&lng=es&nrm=iso&tlng=es  |3 Acceso electrónico al documento  |y Acceso electrónico al documento 
856 |u http://www.scielo.cl/scielo.php?script=sci_arttext&pid=S0718-10432006000100008&lng=es&nrm=iso&tlng=es  |3 Acceso electrónico al documento  |y Acceso electrónico al documento 
900 |a ESTUD. ATACAMEÑOS-32/06 
942 |c REVA 
952 |0 0  |1 0  |4 0  |6 ESTUD___ATACAMEÑOS32_06_000000000000000  |7 0  |8 General  |9 61684  |a BC  |b BC  |c General  |d 2017-08-03  |l 0  |o ESTUD. ATACAMEÑOS-32/06  |p FICTICIO2468  |r 2019-01-08 00:00:00  |t 1  |w 2017-08-03  |y REVA 
999 |c 31607  |d 31607